[Event "BIH-chT 29th"]
[Site "Bihac"]
[Date "2022.08.24"]
[Round "3.5"]
[White "Patkovic, Vahdet"]
[Black "Okicic, Nermin"]
[Result "1-0"]
[WhiteElo "2057"]
[BlackElo "2203"]
[PlyCount "79"]
[EventDate "2022.08.23"]
[EventType "tourn"]
[EventRounds "9"]
[EventCountry "BIH"]
[SourceTitle "CBM 210 Extra"]
[Source "ChessBase"]
[SourceDate "2022.11.30"]
[SourceVersion "1"]
[SourceVersionDate "2022.11.30"]
[SourceQuality "1"]

1. e4 e6 2. Nf3 d5 3. Nc3 Nf6 4. e5 Nfd7 5. d4 c5 6. a3 Nc6 7. Bb5 cxd4 8. Bxc6 dxc3 9. Bxd7+ Bxd7 10. 0-0 cxb2 11. Bxb2 Be7 12. Bd4 Qc7 13. c3 0-0 14. a4 b6 15. Qd2 Rfc8 16. Qf4 Qd8 17. h4 h6 18. g3 Rc4 19. Qe3 Rxa4 20. Rxa4 Bxa4 21. Ra1 Bd7 22. g4 Qc8 23. Kg2 Qf8 24. g5 h5 25. Qd3 g6 26. Qa6 Bc6 27. Be3 Qb8 28. Nd4 Bb7 29. Qb5 Qc7 30. Rc1 a6 31. Qb1 Kg7 32. f4 b5 33. Kf2 Bc8 34. Ne2 a5 35. Bd4 Qc4 36. f5 gxf5 37. Nf4 Bc5 38. Nxh5+ Kf8 39. Nf6 Ke7 40. Rd1 1-0

[Event "BIH-chT 29th"]
[Site "Bihac"]
[Date "2022.08.24"]
[Round "2.5"]
[White "Zlobec, Srdjan"]
[Black "Patkovic, Vahdet"]
[Result "0-1"]
[WhiteElo "2130"]
[BlackElo "2057"]
[PlyCount "135"]
[EventDate "2022.08.23"]
[EventType "tourn"]
[EventRounds "9"]
[EventCountry "BIH"]
[SourceTitle "CBM 210 Extra"]
[Source "ChessBase"]
[SourceDate "2022.11.30"]
[SourceVersion "1"]
[SourceVersionDate "2022.11.30"]
[SourceQuality "1"]

1. d4 Nf6 2. Nf3 e6 3. Bf4 d5 4. e3 a6 5. a4 c5 6. Nbd2 Nc6 7. c3 Be7 8. Bd3 0-0 9. Ne5 cxd4 10. exd4 Bd7 11. Qf3 Rc8 12. Qh3 g6 13. Ndf3 Nxe5 14. Nxe5 Nh5 15. Bh6 Re8 16. 0-0 Bf8 17. Bxf8 Rxf8 18. Rfe1 Rc7 19. Qe3 Bc8 20. f4 f5 21. Ra3 Rg7 22. Nf3 h6 23. c4 Qc7 24. cxd5 exd5 25. Ne5 Qb6 26. Rc3 Nf6 27. Rec1 Be6 28. a5 Qd6 29. Qh3 h5 30. Qe3 Ne4 31. Bxe4 dxe4 32. Rd1 Bd5 33. Rc5 Rd8 34. Qc3 Kh7 35. Qb4 e3 36. Re1 Be4 37. Rxe3 Qxd4 38. Qxd4 Rxd4 39. Re2 h4 40. Kf2 Rb4 41. Nf3 Bxf3 42. Kxf3 Rb3+ 43. Kf2 Rd7 44. Rc3 Rb4 45. g3 Kh6 46. Rc8 Kg7 47. Rc5 hxg3+ 48. hxg3 Rb3 49. Rc3 Rb5 50. Ra3 Kf7 51. Kg2 Kf6 52. Kf3 g5 53. fxg5+ Kxg5 54. Ra4 Rd3+ 55. Re3 Rxe3+ 56. Kxe3 Rxb2 57. Kf3 Rb3+ 58. Kf2 Kf6 59. Kg2 Ke5 60. Kh3 Kf6 61. Kh4 Rb1 62. Kh3 Rb2 63. Ra3 Rb4 64. Kg2 Kg5 65. Kh3 f4 66. g4 Re4 67. Rb3 Re7 68. Rb6 0-1

[Event "BIH-chT1A 28th"]
[Site "Mostar"]
[Date "2021.08.10"]
[Round "7.2"]
[White "Patkovic, Vahdet"]
[Black "Softic, Kasim"]
[Result "1/2-1/2"]
[WhiteElo "2035"]
[BlackElo "1797"]
[PlyCount "22"]
[EventDate "2021.08.06"]
[EventType "team-tourn"]
[EventRounds "9"]
[EventCountry "BIH"]
[SourceTitle "CBM 203 Extra"]
[Source "ChessBase"]
[SourceDate "2021.09.30"]
[SourceVersion "1"]
[SourceVersionDate "2021.09.30"]
[SourceQuality "1"]
[WhiteTeam "Zenica Preporod"]
[BlackTeam "Gnojnica Lukavac Imel"]
[WhiteTeamCountry "BIH"]
[BlackTeamCountry "BIH"]

1. e4 c5 2. Nf3 d6 3. d4 cxd4 4. Nxd4 a6 5. g3 e6 6. Bg2 Be7 7. Nc3 Qc7 8. Be3 Nd7 9. Qd2 Ngf6 10. h3 0-0 11. 0-0-0 Rb8 1/2-1/2

[Event "BIH-chT1A 28th"]
[Site "Mostar"]
[Date "2021.08.07"]
[Round "2.4"]
[White "Patkovic, Vahdet"]
[Black "Salkic, Midhat"]
[Result "1-0"]
[WhiteElo "2035"]
[BlackElo "2061"]
[PlyCount "83"]
[EventDate "2021.08.06"]
[EventType "team-tourn"]
[EventRounds "9"]
[EventCountry "BIH"]
[SourceTitle "CBM 203 Extra"]
[Source "ChessBase"]
[SourceDate "2021.09.30"]
[SourceVersion "1"]
[SourceVersionDate "2021.09.30"]
[SourceQuality "1"]
[WhiteTeam "Zenica Preporod"]
[BlackTeam "Zivinice"]
[WhiteTeamCountry "BIH"]
[BlackTeamCountry "BIH"]

1. e4 c5 2. Nf3 a6 3. d4 cxd4 4. Nxd4 e5 5. Nf3 Nf6 6. Bc4 Qc7 7. Bb3 Be7 8. 0-0 0-0 9. Nc3 d6 10. h3 b5 11. Bg5 Bb7 12. Qe2 Nbd7 13. Rad1 Nb6 14. a3 Rac8 15. Nh4 h6 16. Bxf6 Bxf6 17. Nf5 Rfd8 18. Qf3 Kh7 19. Qh5 Nc4 20. Bxc4 bxc4 21. Ne3 g6 22. Qf3 Bg7 23. Ned5 Bxd5 24. Nxd5 Qb7 25. Rb1 Rc5 26. Rfd1 Rd7 27. b4 cxb3 28. cxb3 a5 29. b4 axb4 30. axb4 Rb5 31. Qd3 Rd8 32. Rdc1 f5 33. f3 Rf8 34. Kh1 Qd7 35. Qe3 Rb7 36. Qd3 h5 37. b5 Rf7 38. b6 Bh6 39. Rc7 Rxc7 40. bxc7 fxe4 41. Qxe4 Bf4 42. Rb8 1-0

[Event "Sarajevo Bosna op-B 44th"]
[Site "Sarajevo"]
[Date "2014.06.01"]
[Round "3"]
[White "Colpa, Fahrudin"]
[Black "Patkovic, Vahdet"]
[Result "1-0"]
[WhiteElo "1934"]
[BlackElo "2081"]
[PlyCount "101"]
[EventDate "2014.05.30"]
[EventType "swiss"]
[EventRounds "9"]
[EventCountry "BIH"]
[SourceTitle "CBM 160 Extra"]
[Source "ChessBase"]
[SourceDate "2014.07.01"]
[SourceVersion "1"]
[SourceVersionDate "2014.07.01"]
[SourceQuality "1"]

1. e4 c5 2. Nf3 d6 3. h3 Nf6 4. Nc3 e5 5. Bc4 Be7 6. d3 0-0 7. Bg5 a6 8. Qd2 Nc6 9. g4 Nd4 10. Nxd4 cxd4 11. Ne2 Nxe4 12. Bxe7 Nxd2 13. Bxd8 Nxc4 14. dxc4 Rxd8 15. 0-0-0 Be6 16. b3 b5 17. f4 bxc4 18. f5 Bd5 19. Rh2 cxb3 20. axb3 a5 21. Rf2 a4 22. bxa4 Rxa4 23. Kd2 Rc8 24. f6 Ra2 25. Rc1 Be4 26. Ng3 Raxc2+ 27. Rxc2 Rxc2+ 28. Ke1 Rxf2 29. Kxf2 d5 30. Nh5 gxf6 31. Nxf6+ Kg7 32. Ne8+ Kf8 33. Nf6 Ke7 34. g5 Ke6 35. h4 h6 36. Nxe4 dxe4 37. gxh6 Kf6 38. h5 e3+ 39. Kf3 e4+ 40. Ke2 Kg5 41. h7 Kf4 42. h8Q d3+ 43. Ke1 f5 44. Qf6 e2 45. Qd4 Kf3 46. h6 f4 47. Qf2+ Kg4 48. Qg2+ Kf5 49. Qh3+ Kg5 50. h7 f3 51. Qg3+ 1-0

[Event "Sarajevo Bosna op-B 44th"]
[Site "Sarajevo"]
[Date "2014.05.30"]
[Round "1"]
[White "Fejzic, Edo"]
[Black "Patkovic, Vahdet"]
[Result "0-1"]
[WhiteElo "1663"]
[BlackElo "2081"]
[PlyCount "64"]
[EventDate "2014.05.30"]
[EventType "swiss"]
[EventRounds "9"]
[EventCountry "BIH"]
[SourceTitle "CBM 160 Extra"]
[Source "ChessBase"]
[SourceDate "2014.07.01"]
[SourceVersion "1"]
[SourceVersionDate "2014.07.01"]
[SourceQuality "1"]

1. e4 c5 2. Nf3 d6 3. d4 cxd4 4. Nxd4 Nf6 5. Nc3 a6 6. Bc4 e6 7. a3 Be7 8. 0-0 0-0 9. Re1 b5 10. Bb3 Bb7 11. Bxe6 fxe6 12. Nxe6 Qd7 13. Nxf8 Kxf8 14. Bf4 Qc6 15. Qd3 Nbd7 16. Rad1 Ne5 17. Bxe5 dxe5 18. Qf3 Qe6 19. Nd5 Rc8 20. c3 Kg8 21. Qf5 Bxd5 22. Qf3 Bb7 23. Rd2 Rf8 24. Qf5 Qxf5 25. exf5 e4 26. g4 Nxg4 27. Rd7 Bh4 28. Re2 Rf7 29. Red2 Bxf2+ 30. Kf1 e3 31. Rxf7 Nxh2+ 32. Ke2 Bf3+ 0-1

[Event "BIH-chT1B"]
[Site "Neum"]
[Date "2012.08.28"]
[Round "6.3"]
[White "Komadaric, Edin"]
[Black "Patkovic, Vahdet"]
[Result "1-0"]
[WhiteElo "2129"]
[BlackElo "2091"]
[PlyCount "61"]
[EventDate "2012.08.25"]
[EventType "team-tourn"]
[EventRounds "9"]
[EventCountry "BIH"]
[SourceTitle "CBM 150 Extra"]
[Source "ChessBase"]
[SourceDate "2012.10.19"]
[SourceVersion "1"]
[SourceVersionDate "2012.10.19"]
[SourceQuality "1"]

1. e4 g6 2. d4 d6 3. c3 Bg7 4. f4 Nf6 5. Bd3 0-0 6. Nf3 Nbd7 7. 0-0 c5 8. e5 Ne8 9. Qe2 e6 10. Ng5 Qb6 11. Be3 Qc7 12. Nd2 a6 13. a4 b6 14. Qg4 Bb7 15. Qh3 h6 16. Nxe6 Qc6 17. Nxf8 Nxf8 18. d5 Qc7 19. e6 Bxd5 20. exf7+ Bxf7 21. f5 g5 22. Ne4 Nd7 23. f6 Nexf6 24. Rae1 Qd8 25. Qf5 d5 26. Nxf6+ Nxf6 27. h4 d4 28. hxg5 dxe3 29. gxf6 Bxf6 30. Qxf6 Qxf6 31. Rxf6 1-0